| 000 | 00754nam a22002417a 4500 | ||
|---|---|---|---|
| 001 | 7470 | ||
| 003 | FISKH | ||
| 005 | 20250718084811.0 | ||
| 008 | 250718b cb ||||| |||| 00| 0 eng d | ||
| 020 | _a0669114723 | ||
| 040 |
_aFISKH _beng _cFISKH _dFISKH |
||
| 100 | _aAlvermann, Donna | ||
| 245 |
_aMy best bear hug / _cBy Donna Alvermann , Connie A. Bridge , Barara A.Schmidt , Lyndon W. Searfoss , and Peter Winograd |
||
| 260 |
_aToronto : _bD.C. Heath and Company , _c1989. |
||
| 300 |
_a223 pages : _bcolor illustrations ; _c26 cm . |
||
| 505 | _aO | ||
| 521 | 8 |
_a600
_bLexile estimate |
|
| 521 | 8 |
_aO
_bRaz-Plus |
|
| 650 |
_aAnimals _vFiction |
||
| 700 |
_aWoff, Ashley _eIllustrator |
||
| 942 |
_2ddc _cBK _n0 |
||
| 999 |
_c7470 _d7470 |
||